000 00822cab a2200241 4500
001 WB2842-51
008 090401t1992 xxu||||| |||| 00| 0 eng d
035 _a(Sirsi) u49422
041 _aeng
245 _aProperty managers code of practice launched
260 _c1992
350 _a0
490 _aBirmingham Post
_v29 October 1992, 14(2)
520 _aThe Chartered Institute of Builders is launching a "Code of practice for project management in construction and management" incorporating the RICS`s "Project management agreement and conditions of engagement".
650 _aCIOB
650 _aCODE OF PRACTICE
650 _aCONDITONS OF ENGAGEMENT
650 _aMANAGEMENT-PROJECT MANAGEMENT
650 _aPROJECT MANAGERS
690 _aPROPERTY LAW AND PRACTICE
942 _n0
948 _c04/03/1997
999 _c30929
_d30929